The International Dictionary of Accounting Acronyms. Arabic - English = القاموس الدولي لاختصارات المحاسبة : إنجليزي-عربي (Record no. 14130)
[ view plain ]
| 000 -LEADER | |
|---|---|
| fixed length control field | 01013nam a2200229Ii 4500 |
| 003 - CONTROL NUMBER IDENTIFIER | |
| control field | JO-AjNU |
| 008 - FIXED-LENGTH DATA ELEMENTS--GENERAL INFORMATION | |
| fixed length control field | 230605s9999||||xx |||||||||||||| ||und|| |
| 017 ## - COPYRIGHT OR LEGAL DEPOSIT NUMBER | |
| Copyright or legal deposit number | 2007/8166 |
| 020 ## - INTERNATIONAL STANDARD BOOK NUMBER | |
| International Standard Book Number | 977-408-470-5 |
| 040 ## - CATALOGING SOURCE | |
| Original cataloging agency | JO-AjNU |
| Language of cataloging | ara |
| Description conventions | rda |
| Transcribing agency | JO-AjNU |
| 041 ## - LANGUAGE CODE | |
| Language code of text/sound track or separate title | ara |
| 050 14 - LIBRARY OF CONGRESS CALL NUMBER | |
| Classification number | HF5621.2007 |
| 100 3# - MAIN ENTRY--PERSONAL NAME | |
| Personal name | تأليف موريس، توماس , |
| Relator term | author |
| 9 (RLIN) | 27515 |
| 245 04 - TITLE STATEMENT | |
| Title | The International Dictionary of Accounting Acronyms. Arabic - English = القاموس الدولي لاختصارات المحاسبة : إنجليزي-عربي |
| 250 ## - EDITION STATEMENT | |
| Edition statement | الطبعة العربية الأولى،2007 / الطبعة الأجنبية، 1998 |
| 264 31 - PRODUCTION, PUBLICATION, DISTRIBUTION, MANUFACTURE, AND COPYRIGHT NOTICE | |
| Place of production, publication, distribution, manufacture | الجيزة، مصر: دار الفاروق للاستثمارات الثقافية، 2007 |
| 300 ## - PHYSICAL DESCRIPTION | |
| Extent | 166ص |
| Other physical details | النص باللغتين العربية والأجنبية |
| 336 ## - CONTENT TYPE | |
| Content type term | text |
| Content type code | txt |
| Source | rdacontent |
| 337 ## - MEDIA TYPE | |
| Media type term | unmediated |
| Media type code | n |
| Source | rdamedia |
| 338 ## - CARRIER TYPE | |
| Carrier type term | volume |
| Carrier type code | nc |
| Source | rdacarrier |
| 650 #4 - SUBJECT ADDED ENTRY--TOPICAL TERM | |
| Topical term or geographic name entry element | المحاسبة -- مختصرات -- معاجم |
| 9 (RLIN) | 27516 |
| Withdrawn status | Lost status | Source of classification or shelving scheme | Damaged status | Not for loan | Home library | Current library | Shelving location | Date acquired | Total Checkouts | Full call number | Barcode | Date last seen | Price effective from | Koha item type |
|---|---|---|---|---|---|---|---|---|---|---|---|---|---|---|
| Library of Congress Classification | مكتبة جامعة عجلون الوطنية | مكتبة جامعة عجلون الوطنية | المراجع | 06/06/2023 | HF5621.2007 | A10562 | 06/06/2023 | 06/06/2023 | Reference |